| 000 | 01237cam a22001934a 4500 | ||
|---|---|---|---|
| 005 | 20250605164352.0 | ||
| 008 | 250528s ||||||||||||||||||||||||d | ||
| 035 | _a24127 | ||
| 020 | _a9603934925 | ||
| 040 |
_aGR-AtMCL _bgre _dGR-AtMCL _eAACR2 |
||
| 245 | 1 | _aΨυχαναλυτική Θεώρηση του Πόνου | |
| 260 |
_aΑθήνα _bΕλληνικά Γράμματα, _c2000 |
||
| 300 | _a64 | ||
| 520 | _aΠρόλογος, Εισαγωγή, Προκαταρκτικό, Ο Πόνος ως Συναίσθημα, Ο Πόνος ως Οριακό Συναίσθημα, Τρείς Κατηγορίες Πόνου, Ο Πόνος ως Έσχατο Συναίσθημα, Ο Πόνος ως Σύμπτωμα, Ο Πόνος ως Αντικείμενο και Σκοπός της Ευχαρίστησης, Ψυχαναλυτική Θεωρία του Σωματικού Πόνου, Τραυματισμός, Αναστάτωση, Αντίδραση, Ο Ψυχικός Πόνος, Η Διαδικασία, Ο Αγαπημένος Άλλος, Εν Είδει Συμπεράσματος, Βιβλιογραφία. | ||
| 700 | 1 |
_aΚανελλοπούλου Βασιλική _99387 |
|
| 942 | _cBK | ||
| 999 |
_c9026 _d9026 |
||